000
00322nam a22001457a 4500
003
SGT
020
_a
9789350351420
082
_a
342,JUS
100
_a
JUSTICE, V. R.
245
_a
THE CHILDRENS CODE
260
_a
NEW DELHI
_b
UNIVERSAL LAW PUBLISING
_c
2012
300
_a
95
650
_a
LAW BOOKS
942
_2
ddc
_c
BK
_0
3
999
_c
10149
_d
10149